Digital Divide in Slovakia

Nerovnosti v prístupe a používaní informačných a komunikačných technológií. Tieto nerovnosti sú označované ako digitálna priepasť. Analýza stavu na Slovensku v rámci indikátorov priamo súvisiacich s digitálnou priepasťou.

Saved in:
Bibliographic Details
Main Author: Hudák, Matej, 1984-
Format: Book Chapter
Language:English
Subjects:
Tags: Add Tag
No Tags, Be the first to tag this record!

MARC

LEADER 00000nla a2200000 4500
001 0240012
005 20250721120937.6
041 0 |a eng 
044 |a SK 
245 1 0 |a Digital Divide in Slovakia  |c Matej Hudák 
520 |a Nerovnosti v prístupe a používaní informačných a komunikačných technológií. Tieto nerovnosti sú označované ako digitálna priepasť. Analýza stavu na Slovensku v rámci indikátorov priamo súvisiacich s digitálnou priepasťou. 
610 2 0 |a Slovensko 
610 2 0 |a vedomosti 
610 2 0 |a technológie informačné 
610 2 0 |a technológie komunikačné 
610 2 0 |a digitalizácia 
610 2 0 |a diferenciácia regionálna 
610 2 0 |a priepasť digitálna 
100 1 |a Hudák, Matej, 1984-